Sports Quiz

Random Sports or Basketball Quiz

Meaningful NBA players (Slideshow) Quiz Stats

Quiz not verified by Sporcle

Challenge
Share
Tweet
Score 0/40 Timer 10:00
0 Plays Today
% Correct
Larry Bird
84.9%
David West
83.8%
Glen Rice
75.2%
Jeff Green
65.5%
John Wall
63.7%
Derrick Rose
60.2%
Carlos Boozer
53.9%
Brandon Knight
53.8%
Eddie House
51.8%
Rick Fox
48.6%
Raja Bell
45.6%
Brandon Bass
45.3%
Jeremy Lamb
45.1%
Jarrett Jack
45%
Tayshaun Prince
42.6%
Stephen Curry
41.8%
Grant Hill
40.8%
Eric Snow
40%
Doc Rivers
39.1%
Bernard King
37.5%
% Correct
Landry Fields
36.3%
Jamario Moon
34.8%
Brian Cardinal
30.5%
Lindsey Hunter
28.6%
Aaron Gray
28.5%
Vin Baker
25.6%
T.J. Ford
23.1%
Corey Brewer
22.1%
Maurice Cheeks
19.8%
Danny Ferry
17.1%
Allan Houston
14.9%
Michael Cage
12.6%
Marcus Banks
12%
Brian Cook
10.5%
Morris Almond
8.4%
Rory Sparrow
4.4%
Butch Beard
4.1%
Gerald Glass
4%
Ike Austin
3.9%
Mark Acres
2.7%

You're not logged in!

Compare scores with friends on all Sporcle quizzes.
Sign Up with Email
OR
Log In

You Might Also Like...

Show Comments

Extras

Top Quizzes Today


Score Distribution

Your Account Isn't Verified!

In order to create a playlist on Sporcle, you need to verify the email address you used during registration. Go to your Sporcle Settings to finish the process.